Statistiques concernant Culture Générale - Série 2240

Cliquez ici pour prendre le quiz!

Statistiques générales

  • Ce quiz a été pris 151 fois
  • Le résultat moyen est 5 sur 10

Statistiques - réponses

QuestionRéponse% Correct
De quel pays est originaire le chien "sharpeï" ou "shar pei"?Chine
83%
Quelle est la capitale du Kenya ?Nairobi
80%
Comment appelle-t-on plus couramment l'animal "limaçon" ou "colimaçon" ?escargot
73%
Comment appelait-on autrefois un pharmacien ?apothicaire
69%
Dans quel état des Etats Unis se trouve "le pays cajun" ?Louisiane
67%
Comment appelle-t-on le versant ensoleillé d'une montagne ?adret
62%
Dans quel département de la région Ile de France se trouve la commune d'Ecouen ?Val d'Oise
46%
Qui a réalisé le film "Tess" en 1979 ? prénom et nomRoman Polanski
29%
Pièce d'orfèvrerie destinée à exposer l'hostie consacrée et à l'exposer à l'adoration des fidèles.ostensoir
11%
Quel est le prénom du médecin allemand connu pour sa découverte de la bactérie responsable de la tuberculose ? voir photoRobert
9%

Distribution des résultats

Percentile par nombre de réponses

% des personnes avec chaque résultat

Votre développement - résultats

Vous n’avez pas pris ce quiz